00511nam a2200193 a 450000100060000000300090000600800410001502000150005604000280007108200170009910000220011624500170013826000490015530000100020449000370021465000280025165000250027965000130030420202CO-ViMGA141112s2004 ck r 000 u spa d a8440691912 aCO-ViMGAbspacCO-ViMGA04a616.97 D184a1 aDavies, Robert J.10aLas Alergias aBarcelona : bEdiciones B, cGrupo Z, c1999 a88 p. aGuias Medicas, Salud y bienestar14aALERGIA A LOS ALIMENTOS14aALERGIA RESPIRATORIA14aALERGIAS